Association of Indian Universities: formerly the Inter-University Board (Record no. 10895)

MARC details
000 -LEADER
fixed length control field 00604nam a2200169Ia 4500
082 ## - DEWEY DECIMAL CLASSIFICATION NUMBER
Classification number 378.060954 BHA-;
100 ## - MAIN ENTRY--AUTHOR NAME
Personal name Bhandarkar, S.S.
245 #0 - TITLE STATEMENT
Title Association of Indian Universities: formerly the Inter-University Board
260 ## - PUBLICATION, DISTRIBUTION, ETC. (IMPRINT)
Place of publication New Delhi
Name of publisher Association of Indian Universities
Year of publication 1975
300 ## - PHYSICAL DESCRIPTION
Number of Pages 227p.
504 ## - BIBLIOGRAPHY, ETC. NOTE
Bibliography, etc includes index
650 ## - SUBJECT ADDED ENTRY--TOPICAL TERM
Topical Term Universities and colleges - History - India - 1925-75
650 ## - SUBJECT ADDED ENTRY--TOPICAL TERM
Topical Term Inter-University Board of Indi
650 ## - SUBJECT ADDED ENTRY--TOPICAL TERM
Topical Term Association of Indian Universities - History - 1925-75
650 ## - SUBJECT ADDED ENTRY--TOPICAL TERM
Topical Term Education, Higher - India - History - 1925-75
942 ## - ADDED ENTRY ELEMENTS (KOHA)
Koha item type Books
Source of classification or shelving scheme Dewey Decimal Classification
Holdings
Withdrawn status Lost status Damaged status Not for loan Home library Current library Date acquired Bill Date Full call number Accession Number Price effective from Koha item type
        NASSDOC Library NASSDOC Library 08/10/2004 2004-10-22 378.060954 BHA-; 25157 18/04/2019 Books